000 00581nam a2200229Ia 4500
003 OSt
005 20220918194906.0
006 a|||||r|||| 00| 0
007 ta
008 220917b |||||||| |||| 00| 0 eng d
024 _a82,249
037 _cTextual
040 _aARTS
_cARTS
_beng
041 _2eng
_aeng
082 _aS1:7, J9
100 _aRitholsz Sophie
_987765
245 0 _aChildren's behaviour
_b viewed by adults and children
260 _c1959
650 _aPSYCHOLOGY
942 _hS1:7, J9
_cTEXL
_2CC
999 _c205971
_d205971